[Event "World Team-ch Women 2017"]
[Site "Khanty-Mansyisk"]
[Date "2017.06.24"]
[Round "7"]
[White "Kosteniuk, Alexandra"]
[Black "Socko, Monika"]
[Result "1-0"]
[WhiteElo "2537"]
[BlackElo "2485"]
[Annotator "TA"]
[PlyCount "189"]
[EventDate "2017.??.??"]
[EventType "team-tourn"]
[EventCountry "RUS"]
[SourceTitle "playchess.com"]
[Source "ChessBase"]
[SourceQuality "1"]
[WhiteTeam "RUS"]
[BlackTeam "POL"]
[WhiteTeamCountry "RUS"]
[BlackTeamCountry "POL"]

{[%evp 11,189,39,37,33,48,33,47,37,33,26,34,16,40,45,48,44,49,39,91,85,92,33,120,121,126,72,68,53,64,68,73,16,48,52,37,0,0,0,0,0,0,-27,0,0,48,33,33,0,0,0,0,0,6,0,31,28,29,44,46,24,45,57,108,86,291,304,473,463,472,462,446,0,131,100,175,85,88,78,94,89,79,81,119,112,120,114,307,124,131,111,270,115,131,131,131,131,132,0,119,0,158,104,217,170,249,148,154,137,239,249,241,206,206,206,206,191,236,83,83,71,69,22,99,92,85,85,85,85,315,289,274,274,375,329,501,456,516,529,509,509,475,494,494,487,662,469,511,500,420,437,633,633,635,564,630,617,559,499,594,574,625,702,654,594,577,573,935,922,29981,807,760,736,715,668,1776,1756,29986,29981,29997,29998]} 1. e4 c5 2. Nf3 Nc6 3. Bb5 Qc7 4. c3 e6 5. O-O Nge7 6. Re1 {B30: Sicilian: 2...Nc6 3 Bb5, lines without ...g6} a6 {LiveBook: 9 Games} 7. Ba4 {[%cal Bb5a4,Ba4c2,Bc2d3][%mdl 32]} (7. Bf1 Ng6 8. d4 Be7 9. d5 Nd8 10. a4 O-O 11. a5 f5 12. Bg5 d6 13. Bxe7 Nxe7 14. dxe6 fxe4 15. Rxe4 {0-1 (43) Czebe,A (2478)-Harikrishna,P (2684) Biel 2012}) 7... b5 8. Bc2 {White is slightly better.} Bb7 9. a4 b4 $146 ({Predecessor:} 9... bxa4 10. Rxa4 Nc8 11. d4 Nb6 12. d5 Ne5 13. Ra1 Bd6 14. Nbd2 O-O 15. c4 Rae8 16. Ra3 exd5 17. exd5 {1-0 (43) Guillen Ramirez,J (2281)-Moussa,A (2255) Istanbul 2000}) 10. d4 Ng6 11. h4 cxd4 12. cxd4 Rc8 13. Bd3 Na5 14. Be3 Be7 (14... Nf4 $14) 15. Nbd2 $16 O-O 16. e5 (16. g3 $1 $16) 16... Rfe8 (16... f5 $1 $14) 17. h5 Nf8 18. Ne4 (18. h6 $142) 18... Bxe4 19. Bxe4 Nc4 20. Bc1 d6 {[%cal Rd6e5]} 21. exd6 (21. h6 $16) 21... Qxd6 22. Bd3 a5 23. Ne5 Nxe5 24. dxe5 Qd5 25. Qe2 Red8 26. Rd1 {Bxh7+! is the strong threat.} Qc5 27. Bf4 h6 28. Rac1 Qb6 29. Rxc8 Rxc8 30. Qg4 {Strongly threatening Bxh6.} Kh8 31. Be3 Qb8 32. Qe4 (32. Ba6 $5 {[%cal Ra6c8]} Rc2 33. b3 $11) 32... Rd8 33. Bd4 Qc7 34. Qe3 {aiming for Bb6.} Qc6 35. Bb5 $36 {[%mdl 2048] White has good play.} Qd5 36. Rd3 {Hoping for Bb6.} Qa2 (36... Qb7 $14) 37. Qc1 Bg5 $2 (37... Kg8 $16) 38. f4 $18 Bh4 (38... Be7 $142 39. Kh2 Kg8) 39. Kh2 $1 Kg8 40. Kh3 Be7 41. Kh2 $2 (41. Qc7 $1 $18) 41... Bh4 $1 $16 42. Qd1 Be7 (42... Rxd4 $16 43. Rxd4 Qxb2) 43. Qg4 (43. b3 $18) 43... Qa1 44. Rg3 {[%csl Gg3][%cal Rg4g7]} g6 45. hxg6 fxg6 46. Rd3 Rc8 {[#]} 47. Rd1 $1 {[%cal Rd1a1]} Rc1 48. b3 Qa3 $2 (48... Qb1 $16 {is a better defense.} 49. Rxc1 Qxc1) 49. Rxc1 (49. Qf3 $18 {and White stays clearly on top.}) 49... Qxc1 50. Bc4 Kg7 $2 {[#]} (50... Qd2 $16 51. Bg1 Kg7) 51. Qf3 (51. f5 $1 $18 {[%cal Rf5f6] is the precise move to win.} exf5 52. e6+ Kg8 53. Qg3) 51... h5 52. Be3 Qe1 53. Bf2 Qd2 54. Be3 Qe1 $1 55. Bf2 Qd2 56. Bb6 (56. Qe3 $142 Qd7 57. Qf3) 56... h4 (56... Bd8 $16 57. Bc5 Qe1 58. Bxf8+ Kxf8) 57. Qf2 Qc1 (57... Qc3 {was called for.} 58. Bxa5 g5) 58. Be3 ({White should play} 58. Bxa5 $18 {Black must now prevent Bb6.} g5 59. f5 exf5 60. Qxf5) 58... Qd1 59. Qe2 Qxe2 (59... Qb1 $16 60. Qg4 Qe4) 60. Bxe2 {[%mdl 4096] Endgame KBB-KBN} Nd7 61. Bc4 Kf7 62. Kh3 Bd8 63. Bf2 g5 64. Kg4 $2 (64. Bb5 $18 {is more deadly.} Bb6 65. Bxb6 (65. Bxd7 Bxf2 66. fxg5 Bg3 $14) 65... Nxb6 66. fxg5) 64... gxf4 65. Kxf4 Bc7 66. Bd4 Nb6 (66... Bb6 $11 {remains equal.} 67. Ke3 Nc5) 67. Bd3 Nd5+ 68. Kg4 Bd8 69. Be4 Ne7 $2 (69... Nc3 $16 70. Bf3 Kg7) 70. Bf2 $18 Bc7 71. Kf4 ({But not} 71. Kxh4 $6 Ng6+ 72. Bxg6+ Kxg6 $16) ({Less strong is} 71. Bxh4 Bxe5 72. Bf2 Bc7 $16) 71... Bd8 72. Bxh4 Nd5+ (72... Bc7 $142 73. Bg3 Ng6+ 74. Bxg6+ Kxg6) 73. Kg4 Ne3+ 74. Kh5 Bc7 75. Bf6 Nf1 76. Bg6+ Kg8 77. Bd3 Ne3 78. Be4 Nf1 79. Kg6 Ne3 80. Kg5 Kf7 (80... Nd1 $142 81. Bf3 Ne3) 81. g4 {[%cal Bg2g4,Bg4g5,Bg5g6,Bg6g7][%mdl 32]} Nf1 82. Bg6+ Kf8 83. Kf4 Bb6 84. g5 Be3+ 85. Kf3 {And now Bd3 would win.} Bb6 86. Bh7 {Intending g6 and mate.} Ne3 87. Be4 Nf1 {Now ...Nd2+ and Black clings on.} 88. Kg4 Kf7 89. g6+ Kf8 90. Bc6 (90. g7+ $142 Kg8 91. Bc6 Ne3+ 92. Kh5 Kh7 93. Bd7 Nf5 94. g8=Q+ Kxg8 95. Bxe6+ Kf8 96. Bxf5) 90... Ne3+ 91. Kh5 {Threatens to win with g7+.} Nf5 92. Bd7 Bc7 93. Kg5 Nd4 94. g7+ Kg8 95. Kg6 {Precision: White = 55%, Black = 48%.} 1-0

[Event "World Team-ch Women 2017"]
[Site "Khanty-Mansyisk"]
[Date "2017.06.24"]
[Round "7"]
[White "Gunina, Valentina"]
[Black "Kulon, Klaudia"]
[Result "1-0"]
[WhiteElo "2504"]
[BlackElo "2381"]
[Annotator "TA"]
[PlyCount "57"]
[EventDate "2017.??.??"]
[EventType "team-tourn"]
[EventCountry "RUS"]
[SourceTitle "playchess.com"]
[Source "ChessBase"]
[SourceQuality "1"]
[WhiteTeam "RUS"]
[BlackTeam "POL"]
[WhiteTeamCountry "RUS"]
[BlackTeamCountry "POL"]

{[%evp 19,57,8,33,17,37,5,75,73,74,74,61,36,52,38,104,116,125,93,217,217,216,157,293,287,306,288,347,316,340,331,346,323,702,724,773,750,700,558,29997,29998]} 1. e4 c5 2. Nf3 Nc6 3. Bb5 g6 4. Bxc6 dxc6 5. d3 Bg7 6. h3 e5 7. Nc3 Qe7 8. O-O Nf6 9. Be3 O-O 10. Qd2 Nd7 11. Nh2 {B31: Sicilian: 2...Nc6 3 Bb5 g6} Rd8 (11... Re8 12. f4 exf4 13. Bxf4 Nf8 14. Bh6 Bd4+ 15. Kh1 Be6 16. Rae1 c4 17. Nf3 Bh8 18. d4 b5 {½-½ (40) Halkias,S (2585)-Naiditsch,A (2687) Tallinn 2016}) 12. Bh6 Nf8 (12... c4 $11) 13. Bxg7 $16 {White is better.} Kxg7 14. f4 exf4 15. Rxf4 Ne6 16. Rf2 $36 {[%mdl 2048] White has the initiative.} Nd4 (16... Qg5 $14) 17. Raf1 Be6 18. Nd1 $146 ({Predecessor:} 18. Ng4 Bxg4 19. hxg4 Rf8 20. Qf4 Rae8 {0-1 (32) Abouan,S (2148)-Lafaurie,P (2108) Franconville 2004}) 18... h6 (18... h5 $16) 19. Ne3 $18 Qg5 20. Rf4 Rf8 (20... Qh5 $16 {was necessary.}) 21. c3 Nb5 22. h4 Qe7 {[#]} 23. Nf5+ $1 {[%mdl 512]} gxf5 24. exf5 Bxf5 25. Rxf5 Rae8 $2 (25... Nd6) 26. Ng4 Rh8 27. Qf4 {[%cal Rf5f7]} Nd6 28. Re5 Qf8 {[#]} 29. Rg5+ $1 {[%mdl 512] Precision: White = 86%, Black = 19%.} 1-0

[Event "World Team-ch Women 2017"]
[Site "Khanty-Mansyisk"]
[Date "2017.06.24"]
[Round "7"]
[White "Lei, Tingjie"]
[Black "Karavade, Eesha"]
[Result "1-0"]
[WhiteElo "2488"]
[BlackElo "2388"]
[Annotator "TA"]
[PlyCount "97"]
[EventDate "2017.??.??"]
[EventType "team-tourn"]
[EventCountry "RUS"]
[SourceTitle "playchess.com"]
[Source "ChessBase"]
[SourceQuality "1"]
[WhiteTeam "CHN"]
[BlackTeam "IND"]
[WhiteTeamCountry "CHN"]
[BlackTeamCountry "IND"]

{[%evp 17,97,0,0,-37,28,28,28,16,22,24,20,19,19,19,27,19,27,12,22,0,39,36,40,38,41,31,97,95,106,109,105,102,145,142,148,134,169,164,161,175,164,178,181,184,179,160,313,313,301,288,332,316,363,368,363,365,434,430,467,426,484,510,505,505,648,421,421,414,404,398,621,289,1095,1090,1075,1061,1029,975,840,823,6550,6504]} 1. d4 d5 2. c4 e6 3. Nc3 c6 4. e3 Nf6 5. Nf3 Nbd7 6. Be2 Bd6 7. O-O O-O 8. a4 dxc4 9. Bxc4 e5 {LiveBook: 13 Games. D45: Semi-Slav: 5 e3} 10. Bb3 $146 ({Predecessor:} 10. a5 Rb8 11. Qc2 b5 12. axb6 axb6 13. Rd1 Qc7 14. h3 b5 15. Bb3 h6 16. Bd2 b4 17. Na4 {½-½ (32) Gajewski,G (2629)-Duda,J (2563) Warsaw 2014}) 10... exd4 ({Black should play} 10... h6 $15) 11. exd4 $11 h6 {White has an edge.} 12. Re1 Nb6 13. Ne5 Nbd5 14. Nxd5 cxd5 15. Qd3 Be6 16. f3 Rc8 17. Bd2 Re8 18. a5 {[%cal Ba4a5,Ba5a6][%mdl 32]} Qe7 (18... Ne4 $5) 19. Ba4 {[%cal Bb3a4,Ba4b5,Bb5a6][%mdl 32]} Rf8 20. a6 $36 {[%mdl 2048] White is more active.} Qc7 21. Bb5 {Threatens to win with axb7.} Bxe5 (21... bxa6 $14 22. Rxa6 Bxe5 23. dxe5 Nd7) 22. dxe5 $16 Nd7 23. axb7 Qxb7 24. Ba6 Qb6+ 25. Be3 Nc5 26. Qb1 ({Resist} 26. Bxc8 $6 Nxd3 27. Bxb6 Nxe1 $14) 26... Rcd8 {[#] Hoping for ...d4.} 27. b4 d4 28. bxc5 Qxb1 29. Raxb1 dxe3 30. Rxe3 Rd5 31. Rc1 Rfd8 $2 (31... Rd7 $16 32. c6 Rc7) 32. c6 $18 Rd1+ 33. Re1 Rxe1+ 34. Rxe1 {[%mdl 4096] Endgame KRB-KRB} Rd5 {[#]} 35. Rc1 $1 Ra5 36. Bd3 Rxe5 37. c7 Bc8 38. Rb1 Re8 39. Rb8 Rf8 40. Be4 a5 41. Bb7 Be6 42. c8=Q Bxc8 43. Rxc8 ({Stronger than} 43. Bxc8 a4 $11) 43... Rxc8 (43... a4 $142 44. Rc4 Rb8) 44. Bxc8 {KB-KP} Kf8 $2 (44... a4 45. Bf5 a3) 45. Bd7 {White is clearly winning.} Ke7 46. Ba4 Kd6 47. Kf2 Kc5 48. Ke3 Kb4 49. Be8 {Precision: White = 93%, Black = 35%.} 1-0

[Event "World Team-ch Women 2017"]
[Site "Khanty-Mansyisk"]
[Date "2017.06.24"]
[Round "7"]
[White "Zhukova, Natalia"]
[Black "Wafa, Shrook"]
[Result "0-1"]
[WhiteElo "2449"]
[BlackElo "2141"]
[Annotator "TA"]
[PlyCount "116"]
[EventDate "2017.??.??"]
[EventType "team-tourn"]
[EventCountry "RUS"]
[SourceTitle "playchess.com"]
[Source "ChessBase"]
[SourceQuality "1"]
[WhiteTeam "UKR"]
[BlackTeam "EGY"]
[WhiteTeamCountry "UKR"]
[BlackTeamCountry "EGY"]

{[%evp 10,116,6,6,16,9,22,-58,-59,-60,-76,-74,-61,-63,-17,-29,-9,-19,25,-67,-67,-72,-68,-79,-59,-81,-67,-67,-47,-66,-31,-93,-93,-79,-88,-86,-91,-87,-86,-90,-89,-103,-101,-100,-93,-93,-80,-57,-57,-228,-176,-352,-130,-391,-120,-285,-218,-298,-285,-317,-304,-534,-525,-512,-480,-1245,-1166,-1218,-1169,-1117,-1077,-1692,-1678,-1524,-937,-1418,-1266,-1195,-508,-479,-474,-444,-21,-21,-21,-21,-21,-21,-21,-22,-22,-22,-24,-250,-189,-186,-169,-1391,-1210,-29980,-29981,-29981,-29982,-29982,-29983,-29983,-29984,-29984,-29985]} 1. c4 e5 2. Nc3 Nc6 3. Nf3 Bb4 4. g3 Bxc3 5. bxc3 d6 6. Bg2 f5 {A21: English Opening: 1...e5 2 Nc3} 7. d4 (7. d3 Nf6 8. O-O O-O 9. c5 d5 10. Qb3 Rb8 11. Bg5 Be6 12. e4 fxe4 13. dxe4 Qe8 14. exd5 Bxd5 15. Qd1 Rd8 16. Qc2 Be4 17. Qb3+ Bd5 18. Qc2 Be4 19. Qb3+ Bd5 20. Qc2 Be4 {½-½ (20) Mamedov,R (2658)-Arun Prasad,S (2482) Al Ain 2014}) 7... e4 8. Ng5 (8. Nd2 $11) 8... Nf6 $15 {Black is slightly better.} 9. f3 {[%cal Rf3e4]} h6 10. Nh3 O-O 11. O-O Qe8 $146 ({Predecessor:} 11... Na5 12. fxe4 fxe4 13. Nf2 Bf5 {0-1 (36) Uhlmann,W (2505)-Razuvaev,Y (2520) Leipzig 1983}) 12. Nf4 Ne7 13. Qb3 Kh8 14. Ba3 ({Better is} 14. c5 $11) 14... g5 15. Nd5 Nexd5 16. cxd5 f4 17. c4 {[%cal Bc3c4,Bc4c5][%mdl 32] [#]} e3 $1 18. c5 Qe7 $1 19. Rfc1 Rg8 20. Qb4 (20. cxd6 $15 cxd6 21. Rc3) 20... Nxd5 $17 21. cxd6 Qe6 22. Qb1 cxd6 23. Qe4 {Black must now prevent Rxc8.} Bd7 24. Qxe6 Bxe6 25. Bxd6 Rac8 26. a3 Rxc1+ 27. Rxc1 Rc8 28. Rxc8+ Bxc8 {[%mdl 4096] Endgame KBB-KBN} 29. h4 $2 (29. gxf4 $15 gxf4 30. Kf1) 29... Kg7 30. Kf1 $2 {[#]} (30. hxg5 hxg5 31. Kf1) 30... b5 $2 (30... gxh4 $1 $19 31. gxh4 Kg6) 31. Ke1 $2 {[%mdl 8192]} (31. hxg5 $17 hxg5 32. Ke1) 31... a5 $2 (31... gxh4 $19 {has better winning chances.} 32. gxh4 Kg6) 32. h5 $2 (32. hxg5 $17 hxg5 33. Bf1) 32... Bf5 33. Kd1 a4 34. Kc1 Kf7 35. g4 $2 (35. Kb2 fxg3 36. Bxg3) 35... Bd7 $19 36. Kb2 {[#] intending Bc5.} b4 $1 {[%mdl 512]} 37. axb4 (37. Bh3 $142 Bb5 38. Bf1) 37... Bb5 38. Bf1 Nb6 39. Bc5 Nc4+ 40. Kc2 Nd2 41. Bg2 Bxe2 42. d5 Bb5 43. d6 Nb3 (43... a3 $142 {Strongly threatening ...a2.} 44. Bd4 Ke6) 44. Bf1 Nxc5 ({Stronger than} 44... Bxf1 45. d7 $11) 45. Bxb5 {KB-KN} Nb7 $2 (45... Nb3 $19 {( -> ...Nd4+)} 46. Bxa4 Nd4+ 47. Kd3 Nxf3) 46. d7 $11 a3 47. Kb3 Ke7 48. Kxa3 Nd6 49. Be2 Kxd7 50. Ka4 Kc6 51. Ka5 $2 (51. Kb3 $11 {and White has nothing to worry.}) 51... Kd5 $19 52. b5 Kc5 53. b6 $2 (53. Ka4) 53... Nc4+ 54. Bxc4 Kxc4 {Black mates.} 55. b7 e2 56. b8=Q e1=Q+ 57. Ka6 Qa1+ 58. Kb6 Qb2+ {Precision: White = 25%, Black = 49%.} 0-1

[Event "World Team-ch Women 2017"]
[Site "Khanty-Mansyisk"]
[Date "2017.06.24"]
[Round "7"]
[White "Javakhishvili, Lela"]
[Black "Mammadzada, Gunay"]
[Result "1/2-1/2"]
[WhiteElo "2447"]
[BlackElo "2368"]
[Annotator "TA"]
[PlyCount "38"]
[EventDate "2017.??.??"]
[EventType "team-tourn"]
[EventCountry "RUS"]
[SourceTitle "playchess.com"]
[Source "ChessBase"]
[SourceQuality "1"]
[WhiteTeam "GEO"]
[BlackTeam "AZE"]
[WhiteTeamCountry "GEO"]
[BlackTeamCountry "AZE"]

{[%evp 9,38,22,15,9,10,11,11,7,9,0,0,0,0,0,0,0,0,0,0,0,0,0,0,0,0,0,0,0,0,0,0]} 1. d4 Nf6 2. c4 e6 3. Nc3 Bb4 4. Qc2 b6 {[%cal Bb7b6,Bb6b5,Bb5c4][%mdl 32]} 5. e4 c5 {The position is equal.} 6. a3 {E32: Nimzo-Indian: Classical (4 Qc2): 4...0-0} (6. d5 Qe7 7. Nge2 exd5 8. exd5 d6 9. Bd2 O-O 10. O-O-O Ng4 11. Re1 Nxf2 12. Rg1 Nd7 13. Nd4 Qxe1+ 14. Bxe1 cxd4 {0-1 (42) Bocharov,D (2611)-Tomashevsky,E (2724) Novosibirsk 2016}) 6... Bxc3+ $1 7. bxc3 Bb7 8. Bd3 (8. d5 $5) 8... b5 {White must now prevent ...bxc4.} 9. Qb1 cxd4 10. cxd4 {Threatens to win with Nf3.} bxc4 $1 {[#] And now ...Ba6 would win.} 11. Qxb7 cxd3 12. Qxa8 Qb6 $1 {Strongly threatening ...0-0.} 13. Ra2 $1 {[%cal Ra2b2]} O-O 14. Rb2 $146 {[%cal Rb2b6]} d2+ $1 15. Kxd2 ({Much weaker is} 15. Rxd2 Nc6 $17) 15... Qxd4+ 16. Ke1 Qc3+ 17. Kd1 Qd3+ 18. Ke1 $1 Qc3+ $1 19. Kd1 Qd3+ 1/2-1/2

[Event "World Team-ch Women 2017"]
[Site "Khanty-Mansyisk"]
[Date "2017.06.24"]
[Round "7"]
[White "Zawadzka, Jolanta"]
[Black "Lagno, Kateryna"]
[Result "1/2-1/2"]
[WhiteElo "2426"]
[BlackElo "2539"]
[Annotator "TA"]
[PlyCount "146"]
[EventDate "2017.??.??"]
[EventType "team-tourn"]
[EventCountry "RUS"]
[SourceTitle "playchess.com"]
[Source "ChessBase"]
[SourceQuality "1"]
[WhiteTeam "POL"]
[BlackTeam "RUS"]
[WhiteTeamCountry "POL"]
[BlackTeamCountry "RUS"]

{[%evp 27,146,18,27,0,39,26,62,35,27,31,37,29,10,9,67,55,105,102,96,95,108,98,118,128,208,94,97,63,68,68,69,68,67,62,97,87,107,107,107,107,109,100,125,102,138,77,108,93,82,80,109,87,139,137,146,91,88,91,95,105,89,101,106,79,79,79,79,83,92,68,72,72,75,60,65,58,54,4,23,0,0,0,0,0,0,0,0,0,0,0,0,0,0,0,0,0,0,0,0,0,0,0,0,0,0,0,0,0,0,0,0,0,0,0,0,0,0,0,0,0,0]} 1. e4 e5 2. Nf3 Nc6 3. Bb5 a6 4. Ba4 Nf6 5. O-O b5 6. Bb3 Bc5 7. c3 d6 8. d4 Bb6 9. h3 O-O 10. Re1 {C78: Ruy Lopez: Archangelsk and Möller Defences} h6 11. Be3 Re8 12. Nbd2 exd4 13. cxd4 {[%cal Bc3d4,Bd4d5][%mdl 32]} Na5 14. Bc2 Bb7 {[%cal Rf6e4] LiveBook: 10 Games} 15. d5 Bxe3 (15... c6 16. b4 Nc4 17. Nxc4 bxc4 {½-½ (87) Bok,B (2598)-Bu,X (2705) Doha 2016}) 16. Rxe3 c6 17. b4 $1 {[%cal Rb4a5]} Nc4 18. Nxc4 bxc4 19. dxc6 Bxc6 {[%cal Rf6e4]} 20. Qd4 $146 a5 (20... d5 $11) 21. Qxc4 $14 Qb6 22. Rb1 axb4 23. Rxb4 Qc5 24. a4 Ra5 25. Qb3 Bd7 {[#]} (25... Qa7 $16 26. Nd4 Bd7) 26. Rc4 ({Not} 26. Rb7 Rxa4 27. e5 Ra1+ 28. Kh2 dxe5 $16) (26. Rc3 $1 $18 {[%cal Rc3c5]} Qa7 27. Rb7) 26... Qa7 $16 {With the idea ...Be6.} 27. Rd4 Ra8 {[%cal Rd7a4]} 28. Qd3 Bxa4 29. Bxa4 Rxa4 30. Rxd6 Ra1+ 31. Kh2 Qe7 32. e5 Ne8 33. Rd7 Qe6 34. Rb7 R1a2 35. Kg3 Rc8 36. Qe4 ({White should play} 36. Nd4 Qa6 37. Qxa6 Rxa6 38. Rd7) 36... Rc4 37. Nd4 Raa4 38. Nxe6 {[#] Qf5 would kill now.} Rxe4 39. Nd8 {aiming for Rxe4.} Rxe3+ (39... f6 $142) 40. fxe3 {[%mdl 4096] Endgame KRN-KRN} Re4 41. Re7 ({Reject} 41. Rxf7 $6 Rxe3+ 42. Rf3 (42. Kf4 Rd3 $15) 42... Rxe5 $11) (41. Nxf7 $142 Rxe3+ 42. Kg4) 41... Kf8 42. Rxf7+ Kg8 43. Ra7 Rxe5 44. Kf4 Rb5 45. Ne6 g5+ 46. Kf3 {Ra8 is the strong threat.} Rf5+ 47. Ke2 Re5 48. Nd4 Nf6 49. Nc6 Rb5 50. Ne7+ Kf8 $1 51. Kd3 Rb2 52. g3 Rh2 $1 53. Kd4 {Hoping for Ke5.} (53. h4 $5) 53... Rxh3 {The position is equal.} 54. Nf5 (54. Ke5 $5 {[%cal Re5f6]} Ng4+ 55. Ke6 $14) 54... Ng4 55. e4 Rh1 56. Kd5 Re1 57. Nd6 h5 58. Ke6 {Black must now prevent Rf7+.} h4 59. Rf7+ Kg8 60. Rf5 h3 61. Rxg5+ Kf8 62. Rxg4 $11 {KRN-KR} h2 63. Rf4+ Kg8 $1 64. Rg4+ Kf8 65. Rf4+ Kg8 $1 66. Rh4 h1=Q 67. Rxh1 Rxh1 {KR-KN} 68. e5 {Strongly threatening Nf5.} Kg7 69. Kd7 Re1 70. e6 {Threatens to win with e7.} Kf6 71. Ne8+ Kg5 72. e7 Rxe7+ 73. Kxe7 Kg4 {Precision: White = 57%, Black = 74%.} 1/2-1/2

[Event "World Team-ch Women 2017"]
[Site "Khanty-Mansyisk"]
[Date "2017.06.24"]
[Round "7"]
[White "Tania, Sachdev"]
[Black "Tan, Zhongyi"]
[Result "1/2-1/2"]
[WhiteElo "2408"]
[BlackElo "2517"]
[Annotator "TA"]
[PlyCount "48"]
[EventDate "2017.??.??"]
[EventType "team-tourn"]
[EventCountry "RUS"]
[SourceTitle "playchess.com"]
[Source "ChessBase"]
[SourceQuality "1"]
[WhiteTeam "IND"]
[BlackTeam "CHN"]
[WhiteTeamCountry "IND"]
[BlackTeamCountry "CHN"]

{[%evp 18,48,46,45,45,50,50,41,48,42,51,21,29,29,50,26,36,16,38,14,40,19,40,10,33,23,33,31,25,21,49,49,58]} 1. d4 Nf6 2. c4 e6 3. Nf3 b6 4. Nc3 Bb7 5. a3 Ne4 6. Nxe4 Bxe4 7. Nd2 Bb7 8. e4 d6 9. Bd3 {E12: Queen's Indian: Unusual White 4th moves, 4 a3, 4 Nc3 Bb7 5 a3 and 4 Nc3 Bb7} e5 10. d5 {LiveBook: 4 Games} Nd7 (10... Be7 11. Nf1 g6 12. Ne3 h5 13. Bd2 Nd7 14. Bc2 Kf8 15. O-O Kg7 16. Bc3 Bg5 {0-1 (40) Drazic,S (2511)-Dizdarevic,E (2490) Sibenik 2012}) 11. b4 a5 $146 ({Predecessor:} 11... Be7 12. O-O O-O 13. Nb3 Bg5 14. Qg4 Bxc1 15. Rfxc1 c5 16. b5 g6 {1-0 (58) Schober,R (2019)-Hoermann,G (2092) Fuerth 2015}) 12. Bb2 Be7 13. O-O O-O 14. Nb3 axb4 15. axb4 c6 16. Rxa8 Qxa8 17. Qc2 Qb8 18. Qe2 Qc7 19. Ra1 Ra8 20. Qd1 Qc8 21. Rxa8 Qxa8 22. Qa1 Qxa1+ 23. Nxa1 c5 24. b5 Bc8 {Precision: White = 36%, Black = 28%.} 1/2-1/2

[Event "World Team-ch Women 2017"]
[Site "Khanty-Mansyisk"]
[Date "2017.06.24"]
[Round "7"]
[White "Melia, Salome"]
[Black "Fataliyeva, Ulviyya"]
[Result "1-0"]
[WhiteElo "2393"]
[BlackElo "2341"]
[Annotator "NA"]
[PlyCount "95"]
[EventDate "2017.??.??"]
[EventType "team-tourn"]
[EventCountry "RUS"]
[SourceTitle "playchess.com"]
[Source "ChessBase"]
[SourceQuality "1"]
[WhiteTeam "GEO"]
[BlackTeam "AZE"]
[WhiteTeamCountry "GEO"]
[BlackTeamCountry "AZE"]
[TimeControl "40/5400+30:1800+30"]

1. e4 {[%emt 0:00:00]} e6 {[%emt 0:00:02]} 2. d4 {[%emt 0:00:00]} d5 {[%emt 0:00:02]} 3. Nc3 {[%emt 0:00:00]} Nf6 {[%emt 0:00:02]} 4. e5 {[%emt 0:00:00]} Nfd7 {[%emt 0:00:02]} 5. f4 {[%emt 0:00:00]} c5 {[%emt 0:00:02]} 6. Nf3 {[%emt 0:00:01]} Nc6 {[%emt 0:00:02]} 7. Be3 {[%emt 0:00:06]} cxd4 {[%emt 0:00:02]} 8. Nxd4 {[%emt 0:00:08]} Bc5 {[%emt 0:00:02]} 9. Qd2 {[%emt 0:03:40]} O-O {[%emt 0:00:03]} 10. O-O-O {[%emt 0:04:20]} a6 {[%emt 0:00:01]} 11. h4 {[%emt 0:01:22]} Nxd4 {[%emt 0:00:03]} 12. Bxd4 {[%emt 0:00:05]} b5 {[%emt 0:00:02]} 13. Kb1 {[%emt 0:00:53]} b4 {[%emt 0:01:10] C11: French: Classical System: 4 e5 and 4 Bg5 dxe4} 14. Ne2 {[%emt 0:05:06]} a5 {[%emt 0:00:05]} 15. h5 {[%emt 0:01:05] LiveBook: 7 Games} Ba6 {[%emt 0:01:10] [#]} (15... Qb6 $5) 16. h6 {[%emt 0:00:25]} (16. f5 $1 $11 {[%mdl 512]}) 16... g6 {[%emt 0:00:17]} 17. Ng3 {[%emt 0:09:04]} (17. Nc1 Qc7 18. Nb3 Be7 19. Bd3 a4 20. Nc1 Rfc8 21. b3 {0-1 (30) Granda Zuniga,J (2646)-Narciso Dublan,M (2508) Sitges 2016}) 17... Qc7 $146 {[%emt 0:02:46]} ({Predecessor:} 17... Bxf1 18. Nxf1 Qb6 19. Ne3 a4 20. Ng4 b3 21. cxb3 axb3 {1-0 (33) Sanal,V (2481)-Konstantinov,A (2264) Novi Sad 2016}) 18. Bxa6 {[%emt 0:05:29]} Rxa6 {[%emt 0:00:07]} 19. Nf1 {[%emt 0:00:18]} a4 {[%emt 0:02:22]} 20. Rh3 {[%emt 0:05:45]} Rb8 {[%emt 0:01:04]} 21. Ne3 {[%emt 0:13:30]} b3 {[%emt 0:19:06]} ({Black should try} 21... Rc6 $17 22. c3 Rc8) 22. cxb3 {[%emt 0:05:26]} axb3 {[%emt 0:01:40]} 23. a3 {[%emt 0:00:09]} Bxd4 {[%emt 0:05:03]} 24. Qxd4 {[%emt 0:00:04]} Rc6 $2 {[%emt 0:00:09] [#]} (24... Rc8 $15 {keeps the upper hand.}) 25. Nxd5 $1 {[%emt 0:05:24]} exd5 {[%emt 0:15:35]} 26. e6 $1 {[%emt 0:00:02]} f6 {[%emt 0:03:12]} 27. exd7 {[%emt 0:00:55]} Rd6 $18 {[%emt 0:00:19]} 28. Rc3 {[%emt 0:02:57]} Qxd7 {[%emt 0:00:08]} 29. Qd3 {[%emt 0:00:25]} Qa4 {[%emt 0:06:28]} 30. g3 {[%emt 0:03:44]} Rd7 {[%emt 0:09:20]} 31. Qe2 {[%emt 0:10:29]} Kf7 {[%emt 0:05:31]} 32. Re1 {[%emt 0:01:05]} Qe4+ {[%emt 0:00:18]} 33. Qxe4 {[%emt 0:00:16]} dxe4 {[%emt 0:00:01]} 34. Rxe4 {[%emt 0:00:27]} Rd1+ {[%emt 0:00:21]} 35. Rc1 {[%emt 0:00:03]} Rbd8 {[%emt 0:00:21]} 36. Rec4 {[%emt 0:09:56]} Ke6 {[%emt 0:02:51]} 37. g4 {[%emt 0:03:59]} R8d3 {[%emt 0:11:16]} 38. Rc7 {[%emt 0:06:12]} R1d2 {[%emt 0:02:16]} 39. Rxh7 {[%emt 0:02:37]} Rh2 {[%emt 0:00:17]} 40. Rb7 {[%emt 0:00:00]} Rxh6 {[%emt 0:00:32]} 41. Rb6+ {[%emt 0:22:14]} Kd5 {[%emt 0:16:53]} 42. Rxf6 {[%emt 0:00:14]} Ke4 {[%emt 0:07:03]} 43. Re1+ {[%emt 0:00:44]} Kf3 {[%emt 0:01:51]} 44. f5 {[%emt 0:01:54]} Kf2 {[%emt 0:11:16]} 45. Rc1 {[%emt 0:01:23]} Rf3 {[%emt 0:03:08]} 46. g5 {[%emt 0:03:06]} Rh5 {[%emt 0:01:31]} 47. fxg6 {[%emt 0:00:09]} Rxg5 {[%emt 0:00:38]} 48. Rf1+ {[%emt 0:01:20]} 1-0